Normal view MARC view
  • Sarnitz A

Entry Personal Name

Number of records used in: 1

001 - CONTROL NUMBER

  • control field: 18573

003 - CONTROL NUMBER IDENTIFIER

  • control field: OSt

005 - DATE AND TIME OF LATEST TRANSACTION

  • control field: 20220803171536.0

008 - FIXED-LENGTH DATA ELEMENTS

  • fixed length control field: 220803|| aca||aabn | a|a d

040 ## - CATALOGING SOURCE

  • Original cataloging agency: OSt
  • Transcribing agency: OSt

100 ## - HEADING--PERSONAL NAME

  • Personal name: Sarnitz A

670 ## - SOURCE DATA FOUND

  • Source citation: Work cat.: (OSt)12848: Sarnitz A, Adolf Loos : 1870-1933 Architect Cultural Critic Dandy, 2003